ბათუმის შოთა რუსთაველის სახელმწიფო უნივერსიტეტის ბიბლიოთეკა

პეტრე უმიკაშვილი და ოსმალობისდროინდელი სამხრეთ საქართველო / (ბიბ.ჩანაწერი № 49245)

000 -ლიდერი
ფიქსირებული სიგრძის საკონტროლო ველი 01578nam a2200265Ia 4500
001 - საკონტროლო ნომერი
საკონტროლო ველი 16159
003 - საკონტროლო ნომრის იდენტიფიკატორი
საკონტროლო ველი GE_BSU
005 - ბოლო ოპერაციის თარიღი და დრო
საკონტროლო ველი 20250130114623.0
008 - ფიქსირებული სიგრძის მონაცემთა ელემენტები - ზოგადი ინფორმაცია
ფიქსირებული სიგრძის საკონტროლო ველი 181216s2014||||ge |||||||||||||| ||geo||
020 ## - წიგნის საერთაშორისო სტანდარტული ნომერი
International Standard Book Number 9789941434983
040 ## - კატალოგიზაციის წყარო
Transcribing agency GE_BSU
041 ## - ენის კოდი
Language code of text/sound track or separate title geo
080 ## - უნივერსალური ათობითი კლასიფიკაციის ინდექსი
Universal Decimal Classification number 94(479.222.5)+39(479.22)მ-45
100 ## - მთავარი ჩანაწერი - პიროვნების სახელი
Personal name მგელაძე, ვლადიმერ.
9 (RLIN) 24181
245 ## - ცნობა სათაურის შესახებ
Title პეტრე უმიკაშვილი და ოსმალობისდროინდელი სამხრეთ საქართველო /
Statement of responsibility, etc ვლადიმერ მგელაძე, რედ. მ.ფაღავა, ნ. მგელაძე.
264 ## - წარმოების, გამოცემის, დისტრიბუციის და სხვა ცნობები
გამოცემის, წარმოების, დისტრიბუციის... ადგილი ბათუმი :
გამოცემის, წარმოების, დისტრიბუციის... სახელწოდება ბათუმის შოთა რუსთაველის სახელმწიფო უნივერსიტეტი,
გამოცემის, წარმოების, დისტრიბუციის... თარიღი 2014.
300 ## - ფიზიკური აღწერა
Extent 297 გვ.:
Other physical details 21 სმ.
Dimensions ფოტო.
300 ## - ფიზიკური აღწერა
Accompanying material ბიბლ.გვ.281-294
653 ## - INDEX TERM--UNCONTROLLED
Uncontrolled term სამხრეთ საქართველოს ისტორია.
653 ## - INDEX TERM--UNCONTROLLED
Uncontrolled term საქართველოს ეთნოგრაფია. ქართული დიალექტოლოგია.
700 ## - ADDED ENTRY--PERSONAL NAME
Personal name ფაღავა, მამია
Relator term რედაქტორი
9 (RLIN) 24182
700 ## - ADDED ENTRY--PERSONAL NAME
Personal name მგელაძე, ნუგზარ
Relator term რედაქტორი
9 (RLIN) 24183
710 ## - ADDED ENTRY--CORPORATE NAME
Corporate name or jurisdiction name as entry element ბათუმის შოთა რუსთაველის სახელმწ. უნ-ტის ქართველოლოგიის ცენტრი
9 (RLIN) 24184
942 ## - ADDED ENTRY ELEMENTS (KOHA)
Koha item type წიგნი
Source of classification or shelving scheme
ეგზემპლარები
ჩამოწერის სტატუსი დაკარგული ეგზემპლარის სტატუსი კლასიფიკაციის წყარო ან თაროზე გაწყობის სქემა დაზიანების სტატუსი არ გაიცემა მუდმივი მდებარეობა (დაცვის ადგილი) ამჟამინდელი ადგილსამყოფელი თაროზე განთავსების ადგილი შეძენის თარიღი ღირებულება, შესყიდვის ნორმალური ფასი სრული შენახვის შიფრი შტრიხკოდი ბოლო ოპერაციის თარიღი ეგზემპლარის მიმდევრობითი ნომერი (კეტერი?) ფასის ძალაში შესვლის თარიღი ეგზემპლარის სახეობა საჯარო შენიშვნა Uniform Resource Identifier
          ბათუმის შოთა რუსთაველის სახელმწიფო უნივერსიტეტის მთავარი ბიბლიოთეკა ბათუმის შოთა რუსთაველის სახელმწიფო უნივერსიტეტის მთავარი ბიბლიოთეკა წიგნსაცავი 2018-12-17 7.00 94(479.222.5)+39(479.22)მ-45 40466 2018-12-17 40466 2018-12-17 წიგნი 7.00  
          ბათუმის შოთა რუსთაველის სახელმწიფო უნივერსიტეტის მთავარი ბიბლიოთეკა ბათუმის შოთა რუსთაველის სახელმწიფო უნივერსიტეტის მთავარი ბიბლიოთეკა წიგნსაცავი 2018-12-17 7.00 94(479.222.5)+39(479.22)მ-45 40467 2018-12-17 40467 2018-12-17 წიგნი 7.00  
          ბათუმის შოთა რუსთაველის სახელმწიფო უნივერსიტეტის მთავარი ბიბლიოთეკა ბათუმის შოთა რუსთაველის სახელმწიფო უნივერსიტეტის მთავარი ბიბლიოთეკა წიგნსაცავი 2018-12-17 7.00 94(479.222.5)+39(479.22)მ-45 40468 2018-12-17 40468 2018-12-17 წიგნი 7.00  
          ბათუმის შოთა რუსთაველის სახელმწიფო უნივერსიტეტის მთავარი ბიბლიოთეკა ბათუმის შოთა რუსთაველის სახელმწიფო უნივერსიტეტის მთავარი ბიბლიოთეკა წიგნსაცავი 2018-12-17 7.00 94(479.222.5)+39(479.22)მ-45 40469 2018-12-17 40469 2018-12-17 წიგნი 7.00  
          ბათუმის შოთა რუსთაველის სახელმწიფო უნივერსიტეტის მთავარი ბიბლიოთეკა ბათუმის შოთა რუსთაველის სახელმწიფო უნივერსიტეტის მთავარი ბიბლიოთეკა წიგნსაცავი 2025-01-30 7.00 94(479.222.5)+39(479.22)მ-45 70508 2025-01-30 70508 2025-01-30 წიგნი 7.00 ნაჩუქარი